[Event "Lignano Bella Italia op 2nd"]
[Site "Lignano Sabbiadoro"]
[Date "2023.08.22"]
[Round "8"]
[White "Saric, Kristina"]
[Black "Andreoni, Giuseppe"]
[Result "1/2-1/2"]
[WhiteElo "2133"]
[BlackElo "2160"]
[PlyCount "124"]
[EventDate "2023.08.17"]
[EventType "swiss"]
[EventRounds "9"]
[EventCountry "ITA"]
[SourceTitle "EXT 2024"]
[Source "ChessBase"]
[SourceDate "2023.10.10"]
[SourceVersion "1"]
[SourceVersionDate "2023.10.10"]
[SourceQuality "1"]

1. e4 e5 2. Nf3 Nc6 3. Bb5 a6 4. Ba4 Nf6 5. 0-0 Be7 6. d3 b5 7. Bb3 0-0 8. Nc3 d6 9. a3 Be6 10. Nd5 Bxd5 11. exd5 Nb8 12. Re1 c6 13. dxc6 Nxc6 14. Bg5 h6 15. Bh4 Re8 16. c3 Rc8 17. Ba2 Qd7 18. a4 bxa4 19. Qxa4 Nd4 20. Qxd7 Nxf3+ 21. gxf3 Nxd7 22. Bxe7 Rxe7 23. Bc4 Nb8 24. f4 Rce8 25. fxe5 Rxe5 26. Rxe5 Rxe5 27. Bxa6 Kf8 28. Bc4 Nd7 29. Ra7 Rg5+ 30. Kf1 Ne5 31. Ke2 Rh5 32. Bd5 Nxd3 33. Rxf7+ Ke8 34. Rf3 Rxd5 35. Rxd3 Rb5 36. b4 Ke7 37. Rf3 Rh5 38. h3 Kd7 39. c4 Kc6 40. Kd3 d5 41. cxd5+ Rxd5+ 42. Kc4 Rh5 43. Re3 Rh4+ 44. Kb3 Kb5 45. Ka3 Rf4 46. Re5+ Kb6 47. Ka4 Rxf2 48. Re6+ Kb7 49. Re7+ Kb6 50. Rxg7 Ra2+ 51. Kb3 Rf2 52. Rg3 Kb5 53. Re3 Rf5 54. h4 Rh5 55. Re4 Rf5 56. Re3 Rh5 57. Re4 Rf5 58. Kc3 Rf3+ 59. Kd2 Rb3 60. Re6 Kxb4 61. Rxh6 Kc4 62. h5 Kd4 1/2-1/2

[Event "Lignano Bella Italia op 2nd"]
[Site "Lignano Sabbiadoro"]
[Date "2023.08.21"]
[Round "7"]
[White "Andreoni, Giuseppe"]
[Black "Pedoni, Lorenzo"]
[Result "1-0"]
[WhiteElo "2160"]
[BlackElo "2012"]
[PlyCount "127"]
[EventDate "2023.08.17"]
[EventType "swiss"]
[EventRounds "9"]
[EventCountry "ITA"]
[SourceTitle "EXT 2024"]
[Source "ChessBase"]
[SourceDate "2023.10.10"]
[SourceVersion "1"]
[SourceVersionDate "2023.10.10"]
[SourceQuality "1"]

1. e4 c5 2. Nf3 Nc6 3. Nc3 e5 4. Bc4 Be7 5. d3 d6 6. Nd2 Nf6 7. Nf1 Bg4 8. f3 Be6 9. Ne3 a6 10. a4 0-0 11. 0-0 Ne8 12. Ncd5 Rb8 13. a5 Bg5 14. Bd2 Kh8 15. f4 exf4 16. Nxf4 Nc7 17. Qh5 Bh6 18. h4 Ne5 19. Bc3 Bxc4 20. Nxc4 Bxf4 21. Rxf4 Ne6 22. Rf2 Nxc4 23. dxc4 Qe7 24. Raf1 f6 25. Qd5 Nc7 26. Qd3 Rbe8 27. Rd1 Rd8 28. Rf5 Rfe8 29. g3 Qe6 30. Kf2 Kg8 31. b3 Rf8 32. Kg2 Rfe8 33. Rf4 Qd7 34. Rf5 Qe6 35. Rf4 Qd7 36. Qf3 Qe6 37. Qg4 Qxg4 38. Rxg4 Kf7 39. Rf4 Re6 40. Rf5 Rxe4 41. Rxc5 dxc5 42. Rxd8 Re7 43. Kf3 Ne6 44. Rd5 g6 45. g4 Rc7 46. Bb2 h6 47. Ba3 Nd4+ 48. Ke4 Ne6 49. Bc1 Re7 50. Kd3 g5 51. h5 Nf4+ 52. Bxf4 gxf4 53. Rxc5 Re5 54. Rxe5 fxe5 55. b4 Ke6 56. Ke4 Kf6 57. c5 Kg5 58. b5 Kxg4 59. c6 bxc6 60. bxc6 f3 61. c7 f2 62. c8Q+ Kg3 63. Qf5 Kg2 64. c4 1-0

[Event "Lignano Bella Italia op 2nd"]
[Site "Lignano Sabbiadoro"]
[Date "2023.08.20"]
[Round "6"]
[White "Proietti Cobas, Jorge"]
[Black "Andreoni, Giuseppe"]
[Result "1/2-1/2"]
[WhiteElo "1998"]
[BlackElo "2160"]
[PlyCount "36"]
[EventDate "2023.08.17"]
[EventType "swiss"]
[EventRounds "9"]
[EventCountry "ITA"]
[SourceTitle "EXT 2024"]
[Source "ChessBase"]
[SourceDate "2023.10.10"]
[SourceVersion "1"]
[SourceVersionDate "2023.10.10"]
[SourceQuality "1"]

1. e4 e5 2. Nf3 Nc6 3. Bb5 a6 4. Ba4 Nf6 5. 0-0 Be7 6. Re1 b5 7. Bb3 0-0 8. d3 Bb7 9. a4 d5 10. axb5 axb5 11. Rxa8 Bxa8 12. exd5 Nxd5 13. Na3 Bxa3 14. bxa3 Qd6 15. Bd2 Nd4 16. Nxd4 exd4 17. Qg4 Nf6 18. Qg3 Qd7 1/2-1/2

[Event "Lignano Bella Italia op 2nd"]
[Site "Lignano Sabbiadoro"]
[Date "2023.08.18"]
[Round "2"]
[White "Andreoni, Giuseppe"]
[Black "Zaja, Ivan"]
[Result "0-1"]
[WhiteElo "2160"]
[BlackElo "2421"]
[PlyCount "72"]
[EventDate "2023.08.17"]
[EventType "swiss"]
[EventRounds "9"]
[EventCountry "ITA"]
[SourceTitle "EXT 2024"]
[Source "ChessBase"]
[SourceDate "2023.10.10"]
[SourceVersion "1"]
[SourceVersionDate "2023.10.10"]
[SourceQuality "1"]

1. e4 c5 2. Nf3 d6 3. d4 cxd4 4. Nxd4 Nf6 5. Nc3 a6 6. Bg5 Nbd7 7. f4 Qc7 8. Qf3 h6 9. Bxf6 Nxf6 10. f5 Qc5 11. 0-0-0 g5 12. fxg6 Bg4 13. gxf7+ Kxf7 14. Qd3 Bxd1 15. Nxd1 Bg7 16. g3 Nxe4 17. Qxe4 Bxd4 18. c3 Bf6 19. Bc4+ Kg7 20. Bd5 Rae8 21. Bxb7 a5 22. Bc6 Rb8 23. Ba4 Rb4 24. Qc2 Rc8 25. Kb1 Bxc3 26. Bd7 Bxb2 27. Qxc5 Rxc5 28. Nxb2 Rc7 29. Ba4 Rcb7 30. Bb3 a4 31. Nxa4 Rxa4 32. Rf1 d5 33. Kc2 Ra5 34. Kc3 e5 35. Rf5 Rc5+ 36. Kd3 Re7 0-1

[Event "Lignano Bella Italia op 2nd"]
[Site "Lignano Sabbiadoro"]
[Date "2023.08.17"]
[Round "1"]
[White "Andreoni, Giuseppe"]
[Black "Scagliarini, Lara"]
[Result "1-0"]
[WhiteElo "2160"]
[BlackElo "1951"]
[PlyCount "61"]
[EventDate "2023.08.17"]
[EventType "swiss"]
[EventRounds "9"]
[EventCountry "ITA"]
[SourceTitle "EXT 2024"]
[Source "ChessBase"]
[SourceDate "2023.10.10"]
[SourceVersion "1"]
[SourceVersionDate "2023.10.10"]
[SourceQuality "1"]

1. e4 c5 2. Nf3 Nc6 3. d4 cxd4 4. Nxd4 Nf6 5. Nc3 e5 6. Ndb5 d6 7. Nd5 Nxd5 8. exd5 Ne7 9. c4 Nf5 10. Bd3 Be7 11. 0-0 0-0 12. f4 a6 13. Nc3 exf4 14. Bxf4 Nh4 15. c5 Ng6 16. Qh5 f5 17. Bg3 dxc5 18. Bxf5 Bxf5 19. Rxf5 Qd7 20. Raf1 Bf6 21. d6 Rae8 22. h3 b5 23. Nd5 Bd8 24. Kh2 c4 25. Nc7 Bxc7 26. dxc7 Rxf5 27. Rxf5 Nf8 28. Rd5 Qc8 29. Qxe8 Qxe8 30. Rd8 Ne6 31. Rxe8+ 1-0

[Event "ITA-ch sf 81st"]
[Site "Acqui Terme"]
[Date "2022.06.14"]
[Round "4"]
[White "Andreoni, Giuseppe"]
[Black "Caprino, Marco"]
[Result "1/2-1/2"]
[WhiteElo "2170"]
[BlackElo "2071"]
[PlyCount "99"]
[EventDate "2022.06.12"]
[EventType "swiss"]
[EventRounds "9"]
[EventCountry "ITA"]
[SourceTitle "CBM 208 Extra"]
[Source "ChessBase"]
[SourceDate "2022.07.31"]
[SourceVersion "1"]
[SourceVersionDate "2022.07.31"]
[SourceQuality "1"]

1. e4 c5 2. c3 g6 3. d4 cxd4 4. cxd4 d5 5. e5 a6 6. Nf3 Nc6 7. h3 f6 8. Nc3 Bg7 9. Be2 fxe5 10. dxe5 d4 11. Ne4 Qd5 12. Ng3 Nh6 13. 0-0 Nf5 14. Bf4 Nxg3 15. Bxg3 Bf5 16. Re1 Rd8 17. Bd3 0-0 18. a3 Bh6 19. Re2 Qf7 20. Re1 Bxh3 21. gxh3 Qxf3 22. Qxf3 Rxf3 23. Rad1 e6 24. Kg2 Rff8 25. Re4 Rfe8 26. h4 Rd7 27. h5 g5 28. Rg4 Kh8 29. Rc1 Bg7 30. Rc5 h6 31. f4 Bf8 32. Rc1 Be7 33. f5 exf5 34. Bxf5 Rd5 35. Re4 d3 36. Rd1 Bc5 37. Bg6 Re7 38. Rc4 Nxe5 39. Bxe5+ Rexe5 40. Rxd3 Rxd3 41. Bxd3 b5 42. Rc2 g4 43. Be2 Rxh5 44. Bxg4 Rg5 45. Kf3 a5 46. Rh2 Kg7 47. Rh5 Rxh5 48. Bxh5 b4 49. axb4 Bxb4 50. b3 1/2-1/2

[Event "ITA-ch sf 81st"]
[Site "Acqui Terme"]
[Date "2022.06.13"]
[Round "2"]
[White "Andreoni, Giuseppe"]
[Black "Lumachi, Gabriele"]
[Result "0-1"]
[WhiteElo "2170"]
[BlackElo "2349"]
[PlyCount "60"]
[EventDate "2022.06.12"]
[EventType "swiss"]
[EventRounds "9"]
[EventCountry "ITA"]
[SourceTitle "CBM 208 Extra"]
[Source "ChessBase"]
[SourceDate "2022.07.31"]
[SourceVersion "1"]
[SourceVersionDate "2022.07.31"]
[SourceQuality "1"]

1. e4 e5 2. Nf3 Nc6 3. Bb5 Nge7 4. 0-0 Ng6 5. d4 exd4 6. Nxd4 Bc5 7. Nf5 0-0 8. Qh5 d6 9. Bg5 f6 10. Be3 Bxe3 11. Nxe3 Nce7 12. Nd2 c6 13. Bc4+ Kh8 14. f4 f5 15. Bb3 a5 16. a4 Qb6 17. Rae1 fxe4 18. Nxe4 d5 19. Ng5 h6 20. Kh1 Qb4 21. g3 Bd7 22. Nf3 Rae8 23. Ng4 Rf5 24. Qh3 Nxf4 25. gxf4 Rxf4 26. Qh5 Rxf3 27. Nxh6 Rxf1+ 28. Rxf1 Qe4+ 29. Rf3 gxh6 30. Qxh6+ Kg8 0-1

[Event "ITA-ch sf 81st"]
[Site "Acqui Terme"]
[Date "2022.06.12"]
[Round "1"]
[White "Giordani, Luca"]
[Black "Andreoni, Giuseppe"]
[Result "0-1"]
[WhiteElo "1905"]
[BlackElo "2170"]
[PlyCount "72"]
[EventDate "2022.06.12"]
[EventType "swiss"]
[EventRounds "9"]
[EventCountry "ITA"]
[SourceTitle "CBM 208 Extra"]
[Source "ChessBase"]
[SourceDate "2022.07.31"]
[SourceVersion "1"]
[SourceVersionDate "2022.07.31"]
[SourceQuality "1"]

1. e4 e5 2. Nf3 Nc6 3. Bb5 g6 4. c3 Nge7 5. 0-0 Bg7 6. d3 0-0 7. Nbd2 a6 8. Ba4 b5 9. Bc2 Bb7 10. Re1 h6 11. Nf1 d5 12. exd5 Nxd5 13. Ne3 Nf4 14. Ng4 f5 15. Ngxe5 Nxe5 16. Bxf4 Nxf3+ 17. gxf3 Qh4 18. Bg3 Qh3 19. Bb3+ Kh8 20. Be6 Rae8 21. d4 Rxe6 22. Rxe6 f4 23. Rxg6 Qh5 24. Qd3 fxg3 25. Rxg3 Rxf3 26. Rxf3 Bxf3 27. Kf1 Qg4 28. a4 b4 29. Qxa6 c5 30. Qd6 Qg2+ 31. Ke1 Qg1+ 32. Kd2 Qxf2+ 33. Kc1 Be4 34. Kd1 Bc2+ 35. Kc1 Bd3 36. Qd8+ Kh7 0-1

[Event "ITA-chTB 53rd"]
[Site "Montesilvano"]
[Date "2022.04.22"]
[Round "6.1"]
[White "Budyi, Danylo"]
[Black "Andreoni, Giuseppe"]
[Result "0-1"]
[WhiteElo "1817"]
[BlackElo "2158"]
[PlyCount "66"]
[EventDate "2022.04.19"]
[EventType "team-tourn"]
[EventRounds "7"]
[EventCountry "ITA"]
[SourceTitle "CBM 207 Extra"]
[Source "ChessBase"]
[SourceDate "2022.05.31"]
[SourceVersion "1"]
[SourceVersionDate "2022.05.31"]
[SourceQuality "1"]
[WhiteTeam "Montebelluna Master"]
[BlackTeam "Milan Accademia"]
[WhiteTeamCountry "ITA"]
[BlackTeamCountry "ITA"]

1. d4 Nf6 2. c4 e6 3. Nc3 Bb4 4. Nf3 b6 5. Bd2 0-0 6. e3 d5 7. cxd5 exd5 8. Bd3 Re8 9. 0-0 Bb7 10. a3 Bd6 11. Nb5 Bf8 12. b4 c6 13. Nc3 Nbd7 14. Qb3 Ne4 15. Bxe4 dxe4 16. Ne1 a5 17. bxa5 Ba6 18. axb6 Nxb6 19. Nc2 Bc4 20. Qb1 Bxf1 21. Qxf1 c5 22. a4 cxd4 23. Nxd4 Qc8 24. Rc1 Qa6 25. Ndb5 Red8 26. Qe1 Qb7 27. Rb1 Nxa4 28. Nd6 Qd7 29. Ndxe4 f5 30. Nxa4 Rxa4 31. Nc3 Rc4 32. Qe2 Qd3 33. Kf1 Rxc3 0-1

[Event "Imola op2nd"]
[Site "Imola"]
[Date "2019.12.08"]
[Round "4"]
[White "Mrdja, Milan"]
[Black "Andreoni, Giuseppe"]
[Result "0-1"]
[WhiteElo "2292"]
[BlackElo "2196"]
[PlyCount "133"]
[EventDate "2019.12.06"]
[EventType "swiss"]
[EventRounds "5"]
[EventCountry "ITA"]
[SourceTitle "CBM 193 Extra"]
[Source "ChessBase"]
[SourceDate "2020.01.31"]
[SourceVersion "1"]
[SourceVersionDate "2020.01.31"]
[SourceQuality "1"]

1. e4 e5 2. Nf3 Nc6 3. Bb5 a6 4. Ba4 Nf6 5. 0-0 b5 6. Bb3 Bc5 7. c3 d6 8. d4 Bb6 9. a4 Rb8 10. h3 0-0 11. Be3 h6 12. Nbd2 Re8 13. Re1 exd4 14. cxd4 Nb4 15. Qb1 c5 16. axb5 axb5 17. e5 Nfd5 18. Bxd5 Nxd5 19. Ne4 Nxe3 20. fxe3 Bf5 21. Nf6+ Qxf6 22. e4 dxe5 23. dxe5 c4+ 24. Kh1 Rxe5 25. Nxe5 Bxh3 26. Nf3 Bg4 27. e5 Qc6 28. Qe4 Qxe4 29. Rxe4 Bf5 30. Rf4 Be6 31. Re4 Rd8 32. Ra6 Rd1+ 33. Kh2 Bc5 34. Ra5 Bd5 35. Re2 Bc6 36. Ra6 Bxf3 37. gxf3 Rd3 38. Kg2 Rb3 39. Ra8+ Kh7 40. Rd8 Be3 41. Rd7 Kg6 42. Kg3 Bc1 43. Rd6+ Kf5 44. Rd5 Ke6 45. Rd6+ Ke7 46. Rb6 Bxb2 47. Kf4 Bd4 48. Rb7+ Kf8 49. Ke4 Bc5 50. Rc7 Ba3 51. Rd2 g5 52. Rdd7 Kg7 53. Rxf7+ Kg6 54. Rf6+ Kh5 55. Rh7 Kh4 56. Rfxh6+ Kg3 57. Rh2 g4 58. fxg4 Bc1 59. R2h3+ Kxg4 60. Rxb3 cxb3 61. Rg7+ Kh5 62. Rb7 Kg6 63. Rxb5 b2 64. Rb7 Kg5 65. Kd5 Kf5 66. Rb6 Kg5 67. e6 0-1

[Event "Bergamo op 18th"]
[Site "Bergamo"]
[Date "2019.07.12"]
[Round "2"]
[White "Andreoni, Giuseppe"]
[Black "Brunello, Sabino"]
[Result "0-1"]
[WhiteElo "2241"]
[BlackElo "2552"]
[PlyCount "58"]
[EventDate "2019.07.12"]
[EventType "swiss"]
[EventRounds "6"]
[EventCountry "ITA"]
[SourceTitle "CBM 191 Extra"]
[Source "ChessBase"]
[SourceDate "2019.09.30"]
[SourceVersion "1"]
[SourceVersionDate "2019.09.30"]
[SourceQuality "1"]

1. e4 c5 2. Nf3 e6 3. d4 cxd4 4. Nxd4 Nc6 5. Nc3 Qc7 6. Be2 Nf6 7. 0-0 Be7 8. Kh1 0-0 9. f4 d6 10. Be3 Nxd4 11. Bxd4 e5 12. Be3 exf4 13. Rxf4 a6 14. Rxf6 Bxf6 15. Nd5 Qd8 16. Bb6 Qe8 17. Nxf6+ gxf6 18. Qxd6 Qxe4 19. Qxf6 Qg6 20. Qd4 Bf5 21. c3 Rfe8 22. Bf3 Re6 23. Bc7 Rae8 24. Bg3 Be4 25. Rg1 h5 26. Bd1 Qg5 27. Bb3 h4 28. Bxe6 Rxe6 29. Rf1 hxg3 0-1

[Event "ITA-chT 50th"]
[Site "Gallipoli"]
[Date "2018.04.30"]
[Round "5.2"]
[White "Andreoni, Giuseppe"]
[Black "Djuric, Stefan"]
[Result "1/2-1/2"]
[WhiteElo "2197"]
[BlackElo "2371"]
[PlyCount "93"]
[EventDate "2018.04.27"]
[EventType "team-swiss"]
[EventRounds "7"]
[EventCountry "ITA"]
[SourceTitle "CBM 184 Extra"]
[Source "ChessBase"]
[SourceDate "2018.06.28"]
[SourceVersion "1"]
[SourceVersionDate "2018.06.28"]
[SourceQuality "1"]
[WhiteTeam "Milan Accademia"]
[BlackTeam "Chieti"]
[WhiteTeamCountry "ITA"]
[BlackTeamCountry "ITA"]

1. e4 c5 2. Nf3 g6 3. d4 Bg7 4. dxc5 Qa5+ 5. c3 Qxc5 6. Na3 Qa5 7. Bc4 Nf6 8. e5 Ng4 9. Bxf7+ Kxf7 10. Ng5+ Kg8 11. Qxg4 Qxe5+ 12. Be3 Nc6 13. Rd1 h6 14. Qc4+ e6 15. Nf3 Qh5 16. 0-0 d5 17. Qh4 Qxh4 18. Nxh4 g5 19. Nf3 Kh7 20. Rfe1 Bd7 21. h3 b5 22. Bxg5 b4 23. cxb4 Bxb2 24. b5 Nb4 25. Bc1 Bxc1 26. Rxc1 Nd3 27. Rc7 Nxe1 28. Rxd7+ Kg6 29. Nxe1 Rhc8 30. Nac2 Rc4 31. Kh2 Ra4 32. Nd3 Rc8 33. Ne3 h5 34. f4 Rc3 35. Ne5+ Kh6 36. Nf7+ Kg6 37. Ne5+ Kh6 38. Nf7+ Kg7 39. Ng5+ Kf8 40. Nh7+ Ke8 41. Nf6+ Kf8 42. Nexd5 exd5 43. Nxd5 Rd3 44. b6 axb6 45. Nxb6 Rxd7 46. Nxd7+ Ke7 47. Ne5 1/2-1/2

[Event "ITA-chT 50th"]
[Site "Gallipoli"]
[Date "2018.04.30"]
[Round "6.4"]
[White "Andreoni, Giuseppe"]
[Black "Sarno, Spartaco"]
[Result "1/2-1/2"]
[WhiteElo "2197"]
[BlackElo "2309"]
[PlyCount "28"]
[EventDate "2018.04.27"]
[EventType "team-swiss"]
[EventRounds "7"]
[EventCountry "ITA"]
[SourceTitle "CBM 184 Extra"]
[Source "ChessBase"]
[SourceDate "2018.06.28"]
[SourceVersion "1"]
[SourceVersionDate "2018.06.28"]
[SourceQuality "1"]
[WhiteTeam "Milan Accademia"]
[BlackTeam "Conegliano"]
[WhiteTeamCountry "ITA"]
[BlackTeamCountry "ITA"]

1. e4 c6 2. d4 d5 3. Nd2 dxe4 4. Nxe4 Bf5 5. Ng3 Bg6 6. h4 h6 7. Nf3 Nd7 8. h5 Bh7 9. Bd3 Bxd3 10. Qxd3 e6 11. Bd2 Ngf6 12. 0-0-0 Qc7 13. Ne4 0-0-0 14. g3 Nxe4 1/2-1/2

[Event "ITA-chT 50th"]
[Site "Gallipoli"]
[Date "2018.04.29"]
[Round "4.3"]
[White "Andreoni, Giuseppe"]
[Black "Lapiccirella, Daniele"]
[Result "1/2-1/2"]
[WhiteElo "2197"]
[BlackElo "2213"]
[PlyCount "85"]
[EventDate "2018.04.27"]
[EventType "team-swiss"]
[EventRounds "7"]
[EventCountry "ITA"]
[SourceTitle "CBM 184 Extra"]
[Source "ChessBase"]
[SourceDate "2018.06.28"]
[SourceVersion "1"]
[SourceVersionDate "2018.06.28"]
[SourceQuality "1"]
[WhiteTeam "Milan Accademia"]
[BlackTeam "Cerianese Scacchistica"]
[WhiteTeamCountry "ITA"]
[BlackTeamCountry "ITA"]

1. e4 c5 2. Nf3 e6 3. d4 cxd4 4. Nxd4 Nc6 5. Nc3 Qc7 6. Be2 a6 7. 0-0 Nf6 8. Kh1 d6 9. Be3 Be7 10. f4 0-0 11. a4 Re8 12. Bf3 Nxd4 13. Qxd4 e5 14. Qd2 exf4 15. Bxf4 Be6 16. Rfd1 Rad8 17. h3 Qc8 18. Qf2 Nd7 19. Bxd6 Bxd6 20. Rxd6 Ne5 21. Rxd8 Rxd8 22. Rd1 Nxf3 23. Qxf3 Rxd1+ 24. Qxd1 h6 25. Qd6 Qc4 26. Kh2 Kh7 27. Qd3 Qb4 28. b3 Kh8 29. Qd8+ Kh7 30. Qd3 Kh8 31. Nd5 Qe1 32. c4 Qf2 33. Ne7 Qb6 34. Qg3 Kh7 35. Nd5 Qd4 36. Qe3 Qe5+ 37. Qf4 Qd4 38. Qe3 Qe5+ 39. Qf4 Qd4 40. e5 Qd3 41. Qe3 Qc2 42. a5 Kh8 43. Kg3 1/2-1/2

[Event "Bergamo op 16th"]
[Site "Bergamo"]
[Date "2017.07.16"]
[Round "6"]
[White "Andreoni, Giuseppe"]
[Black "Valsecchi, Alessio"]
[Result "0-1"]
[WhiteElo "2170"]
[BlackElo "2506"]
[PlyCount "109"]
[EventDate "2017.07.14"]
[EventType "swiss"]
[EventRounds "9"]
[EventCountry "ITA"]
[SourceTitle "EXT 2018"]
[Source "ChessBase"]
[SourceDate "2017.10.13"]
[SourceVersion "1"]
[SourceVersionDate "2017.10.13"]
[SourceQuality "1"]

1. e4 c6 2. d4 d5 3. Nd2 g6 4. c3 Bg7 5. Bd3 Nh6 6. Ngf3 0-0 7. h4 Bg4 8. Qb3 dxe4 9. Nxe4 b6 10. Nh2 Be6 11. Qc2 c5 12. Nf3 Nc6 13. h5 Nf5 14. Neg5 cxd4 15. Nxe6 fxe6 16. Bc4 Qc8 17. Qb3 Rf6 18. Ng5 Nd8 19. Ne4 dxc3 20. bxc3 Nd6 21. Bd3 Rf5 22. Bb2 Re5 23. f3 gxh5 24. 0-0-0 N8f7 25. c4 Rb5 26. Nxd6 Rxb3 27. Nxc8 Rxb2 28. Nxe7+ Kf8 29. Be4 Rd8 30. Rxd8+ Nxd8 31. Nc8 Rxa2 32. Rxh5 h6 33. g4 Nf7 34. c5 Ng5 35. cxb6 axb6 36. Bb7 Rf2 37. Nxb6 Nxf3 38. Bxf3 Rxf3 39. Ra5 Kf7 40. Ra4 Rf2 41. Re4 Bf6 42. Nc4 Bg5+ 43. Kd1 Kf6 44. Ke1 Ra2 45. Re2 Ra1+ 46. Kf2 Bf4 47. Kf3 e5 48. Ke4 Rd1 49. Ne3 Rd4+ 50. Kf3 Rd3 51. Ke4 Rxe3+ 52. Rxe3 Bxe3 53. Kxe3 Kg5 54. Kf3 e4+ 55. Kg3 0-1

[Event "Barcelona Sants op-A18th"]
[Site "Barcelona"]
[Date "2016.08.21"]
[Round "3"]
[White "Mu, Ke"]
[Black "Andreoni, Giuseppe"]
[Result "1-0"]
[WhiteElo "2419"]
[BlackElo "2140"]
[PlyCount "27"]
[EventDate "2016.08.19"]
[EventType "swiss"]
[EventRounds "10"]
[EventCountry "ESP"]
[SourceTitle "CBM 174 Extra"]
[Source "ChessBase"]
[SourceDate "2016.10.10"]
[SourceVersion "1"]
[SourceVersionDate "2016.10.10"]
[SourceQuality "1"]

1. c4 Nf6 2. Nc3 d5 3. cxd5 Nxd5 4. g3 g6 5. Bg2 Nxc3 6. bxc3 Bg7 7. h4 Nc6 8. h5 Qd7 9. Qa4 Ne5 10. Qb3 c5 11. Rb1 Rb8 12. Ba3 c4 13. Qb4 b5 14. f4 1-0

[Event "ITA-ch sf"]
[Site "Porto San Giorgio"]
[Date "2015.07.15"]
[Round "6"]
[White "Andreoni, Giuseppe"]
[Black "Corvi, Marco"]
[Result "0-1"]
[WhiteElo "2213"]
[BlackElo "2300"]
[PlyCount "36"]
[EventDate "2015.07.11"]
[EventType "swiss"]
[EventRounds "8"]
[EventCountry "ITA"]
[SourceTitle "EXT 2024"]
[Source "ChessBase"]
[SourceDate "2023.10.10"]
[SourceVersion "1"]
[SourceVersionDate "2023.10.10"]
[SourceQuality "1"]

1. e4 Nf6 2. Nc3 e5 3. Nf3 Nc6 4. Bc4 Nxe4 5. Nxe4 d5 6. Bd3 dxe4 7. Bxe4 Bd6 8. 0-0 Bg4 9. h3 Bh5 10. Re1 0-0 11. g4 Bg6 12. Bxg6 fxg6 13. d3 Qf6 14. Kg2 Nd4 15. Re3 Rf7 16. c3 Ne6 17. Qb3 Raf8 18. Bd2 Ng5 0-1

[Event "ITA-ch sf"]
[Site "Porto San Giorgio"]
[Date "2015.07.13"]
[Round "4"]
[White "Vezzosi, Paolo"]
[Black "Andreoni, Giuseppe"]
[Result "0-1"]
[WhiteElo "2349"]
[BlackElo "2213"]
[PlyCount "118"]
[EventDate "2015.07.11"]
[EventType "swiss"]
[EventRounds "8"]
[EventCountry "ITA"]
[SourceTitle "EXT 2024"]
[Source "ChessBase"]
[SourceDate "2023.10.10"]
[SourceVersion "1"]
[SourceVersionDate "2023.10.10"]
[SourceQuality "1"]

1. c4 Nf6 2. Nc3 d5 3. cxd5 Nxd5 4. Nf3 g6 5. g3 Bg7 6. Bg2 0-0 7. 0-0 Nc6 8. Ng5 e6 9. Nge4 Nce7 10. d4 h6 11. e3 b6 12. Qb3 Bb7 13. Rd1 Qc8 14. Nb5 a6 15. Na3 Rd8 16. Nc4 Nf6 17. Nxf6+ Bxf6 18. Bxb7 Qxb7 19. Bd2 h5 20. Rdc1 h4 21. Qd1 hxg3 22. hxg3 Kg7 23. Qf1 Rd5 24. Qg2 Rh8 25. Qe4 Qb8 26. Kg2 c5 27. Rh1 Rxh1 28. Rxh1 cxd4 29. g4 b5 30. Na5 Rd8 31. Nb3 dxe3 32. Bxe3 Qa8 33. Qxa8 Rxa8 34. Bd4 Bxd4 35. Nxd4 Rc8 36. Rd1 Rc5 37. Kf3 Rd5 38. Ke2 e5 39. Nb3 Rxd1 40. Kxd1 Nd5 41. Kd2 Kf6 42. Nc5 Nc7 43. Ne4+ Ke6 44. Kd3 f5 45. gxf5+ gxf5 46. Nd2 Kd5 47. f3 Ne6 48. b3 Nc5+ 49. Kc2 Kd4 50. Nf1 f4 51. Kd2 e4 52. fxe4 Nxe4+ 53. Kc2 b4 54. a3 bxa3 55. Kb1 Nc3+ 56. Ka1 a2 57. b4 Kd3 58. Kb2 Ke2 59. Nh2 f3 0-1

[Event "ITA-ch sf"]
[Site "Porto San Giorgio"]
[Date "2015.07.12"]
[Round "2"]
[White "Andreoni, Giuseppe"]
[Black "Bove, Alessandro"]
[Result "0-1"]
[WhiteElo "2213"]
[BlackElo "2322"]
[PlyCount "92"]
[EventDate "2015.07.11"]
[EventType "swiss"]
[EventRounds "8"]
[EventCountry "ITA"]
[SourceTitle "EXT 2024"]
[Source "ChessBase"]
[SourceDate "2023.10.10"]
[SourceVersion "1"]
[SourceVersionDate "2023.10.10"]
[SourceQuality "1"]

1. e4 Nf6 2. e5 Nd5 3. d4 d6 4. c4 Nb6 5. exd6 exd6 6. h3 Be7 7. Nf3 0-0 8. Be2 Bf6 9. 0-0 Nc6 10. Nc3 Bf5 11. Bf4 Re8 12. Rc1 a6 13. Re1 h6 14. Qd2 d5 15. c5 Nc8 16. Bd3 Rxe1+ 17. Rxe1 N8e7 18. Bf1 Ng6 19. Be3 Qd7 20. a3 Re8 21. b4 Nh4 22. Nxh4 Bxh4 23. Rd1 Bg6 24. b5 axb5 25. Nxb5 Nd8 26. a4 Ne6 27. Rc1 Ra8 28. Qb4 Be7 29. Qb3 Bf6 30. Rd1 Bg5 31. Bxg5 hxg5 32. Nc3 c6 33. Be2 Qc7 34. Bf3 Re8 35. Qb4 Nf4 36. a5 Bc2 37. Ra1 Bd3 38. Qb6 Qe7 39. Kh2 Ba6 40. Qb2 Qf6 41. Qd2 Nxh3 42. Bxd5 Qxf2 43. Qxf2 Nxf2 44. Bf3 g4 45. Kg3 gxf3 46. Kxf2 fxg2 0-1

[Event "Padova op-A 17th"]
[Site "Padova"]
[Date "2014.12.20"]
[Round "8.13"]
[White "Andreoni, Giuseppe"]
[Black "Mrdja, Milan"]
[Result "1/2-1/2"]
[WhiteElo "2179"]
[BlackElo "2383"]
[PlyCount "101"]
[EventDate "2014.12.14"]
[EventType "swiss"]
[EventRounds "9"]
[EventCountry "ITA"]
[SourceTitle "EXT 2024"]
[Source "ChessBase"]
[SourceDate "2023.10.10"]
[SourceVersion "1"]
[SourceVersionDate "2023.10.10"]
[SourceQuality "1"]

1. e4 g6 2. d4 Bg7 3. Nf3 d6 4. Bd3 Nc6 5. c3 e5 6. Bg5 f6 7. Be3 Nh6 8. h3 Nf7 9. Qc2 0-0 10. 0-0 exd4 11. Nxd4 Nce5 12. Be2 c5 13. Nf3 Nxf3+ 14. Bxf3 Be6 15. Nd2 Qe7 16. Rad1 Rae8 17. Rfe1 b5 18. Be2 Qb7 19. b3 a6 20. f4 Bd7 21. Bf3 Bc6 22. Bf2 Re7 23. Re2 Rfe8 24. Rde1 Qc7 25. Nf1 Qb7 26. Nd2 Bh6 27. g3 g5 28. Be3 Kh8 29. Kh2 gxf4 30. Bxf4 Bg7 31. Bh5 Rd8 32. Bxf7 Rxf7 33. g4 Re7 34. c4 Re6 35. Nf1 Rde8 36. Ng3 Bf8 37. Bd2 Kg8 38. Nh5 Bg7 39. Ng3 Bf8 40. Bc3 Bh6 41. Kg1 Bg5 42. Qd3 Bh4 43. Qf3 bxc4 44. bxc4 Bxg3 45. Qxg3 Bxe4 46. Qf4 Bh1 47. Bxf6 Rxe2 48. Qg5+ Kf8 49. Qh6+ Kg8 50. Qg5+ Kf8 51. Qh6+ 1/2-1/2